Gaming Quiz

Random Gaming or Nintendo Quiz

Ghosts of Luigi's Mansion Quiz Stats

 Plays Quiz not verified by Sporcle

Challenge
Share
Tweet
Embed
Score 0/23 Timer 07:00
0 Plays Today
Description Ghost's Name % Correct
He spends his afterlife reading all the books he missed while leavingNeville
86.3%
She's stashed her secret savings away to prepare for her long afterlife. Lydia
77.9%
He cries loudly and never sleeps through the night, but since he was born a ghost, This seems natural. Chauncey
77.9%
Nothing is known about this mysterious entity. King Boo
70.5%
This kind of Bodybuilder loves muscles and lilies. Why lilies? They symbolize purity. Biff Atlas
65.3%
She's still knitting the scarf she never finished in life. It now stretches to 871 feet. Nana
65.3%
A product of the mansion's fear and despair. He's not sure who to fear or what to despair these days.Bogmire
64.2%
He wanders the house, endlessly searching for his master's will. He hopes he's included in it! Shivers
62.1%
He prefers all-you-can-eat buffets to three meals a day. He ate himself to death but still wasn't satisfied.Mr. Luggs
62.1%
Her close connection to the spirit world lets her see nearly 49 days into the future. Madame Clairvoya
62.1%
When the shy, timid boos get together, their body and their attitude get BIG! Boolossus
62.1%
Once the local waltz champions. They can no longer compete since their feet don't touch the floor. The Floating Whirlindas
61.1%
Description Ghost's Name % Correct
He's a legend in the world of competitive pool. Too bad he's never played a living soul. Slim Bankshot
61.1%
He loves antique jars so much that he now lives in one. He can hardly contain himself! Jarvis
60%
Despite failing to sell a single painting in 30 years, this stubborn man refuses to let his art die. Vincent Van Gore
60%
The Miss ghost runner-up from six years ago. She hasn't had much modeling work lately. Miss Petunia
57.9%
They love to play hide and seek. But since they both hide, the game never seems to end.Henry and Orville
57.9%
What was meant to be a short nap seems to have turned into eternal rest. Sue Pea
57.9%
This creepy canine will sink its chops into any seemingly edible thing in sight. Spooky
56.8%
Despite playing moving melodies, she has a surly disposition. Oddly enough, she loves video games. Melody Pianissima
53.7%
Adrift in the darkness, he tends to keep to himself, which suits the rest of the family just fine. Uncle Grimmly
53.7%
They once belonged to a tightly-wound toy collector. But now they march on their own without any winding. Clockwork Soldiers
53.7%
This strange fellow's icy abode may be the reason he hasn't warmed up to being a ghost. Sir Weston
52.6%

You're not logged in!

Compare scores with friends on all Sporcle quizzes.
Join for Free
OR
Log In

You Might Also Like...

Show Comments

Extras

Top Quizzes Today


Score Distribution

Your Account Isn't Verified!

In order to create a playlist on Sporcle, you need to verify the email address you used during registration. Go to your Sporcle Settings to finish the process.

Report this User

Report this user for behavior that violates our Community Guidelines.

Details: